Physiologie : le niveau tissulaire - Statistiques

Statistiques générales
  • Ce quiz a été pris 14 fois
  • Le résultat moyen est 7 sur 16
Statistiques - réponses
Questions Réponses % Correct
-tissu numéro 2- (c) conjonctif
75%
-tissu numéro 3- (m) musculaire
67%
-tissu numéro 4- (n) nerveux
67%
Ce tissu permet donc la communication avec le corps. nerveux
67%
Quels sont les 4 types de tissus fondamentaux? 1- (é) épithelial
58%
-Tissu 4 : on comporte en moyenne 100milliard de ces cellules, elles sont de 2 types : Les ... qui partent du système nerveux central pour aller vers la périphérie. neurones
58%
-Tissu 1 : ce tissu est constitué de cellules "1", c'est à dire des cellules de la ... peau
50%
-Tissu 3 : a pour rôle de produire les ... de l'organisme mouvements
42%
(ils peuvent être internes (bouger, sauter cligner...) ou externes (battement du coeur, déplacement dans l'intestin...)) mouvements
42%
-Tissu 2 : Quel est le nom de ses cellules ? fibroblaste
33%
Ce tissu est utilisé pour des fonctions de ... protection | sécrétion
33%
Sa fonction est de protéger les autres ... de l'organisme tissus
33%
Ce tissu produit la ... corporelle (il en produit 85%) chaleur
17%
Il y en a 2 types, les cellules "1", autour de l'organisme, et les cellules ... , à l'intérieur des organes creux. endothéliales
17%
Et ceux qui partent de la périphérie et retournent dans le système nerveux centrale recepteurs sensoriels / neurones sensoriels
0%
Qu'on appelle aussi ... thermogénèse
0%
Aucun quiz correspondant
Distribution des résultats
% des personnes avec chaque résultat
Percentile par nombre de réponses
Votre historique - résultats
Vous n’avez pas pris ce quiz